| 000 | 00359 a2200169 4500 | ||
|---|---|---|---|
| 001 | 170517 | ||
| 020 | _a85-08-07732-7 | ||
| 040 | _cMagnum | ||
| 100 | _aDiaféria, Lourenço | ||
| 240 | 1 | 0 |
_aO imitador de gato _lpor |
| 245 | 1 | 0 | _aO imitador de gato |
| 300 | _a127 | ||
| 362 | 0 | _a2001 | |
| 440 | 1 | _aÁtica | |
| 697 | _aLITERATURA JUVENIL | ||
| 942 | _cBK | ||
| 999 |
_c170517 _d170517 |
||